| 000 | 01064nam a2200301 i 4500 | ||
|---|---|---|---|
| 003 | DO-SdBNP | ||
| 005 | 20260505101543.0 | ||
| 007 | ta | ||
| 008 | 260505b2025 dr a|||| |||| 00| 0 spa d | ||
| 020 | _a9789945518610 | ||
| 040 |
_aDO-SdBNP _bspa _cBNPHU _erda |
||
| 041 | _aspa | ||
| 082 | 4 |
_axxx _bxxx _222 |
|
| 100 |
_aDíaz, Glorianny Alexandre, _eautor _4aut. _989458 |
||
| 245 | 1 | 3 |
_aLa bruja y su bella amitad y otras ideas mías / _cGlorianny Alexandre Díaz ; corrección, Lourdes Karina Ferrand Estepan, Margarita Eve |
| 250 | _aprimera edición | ||
| 264 | 4 |
_aSanto Domingo : _bPublicaciones Libertad, _c©2025. |
|
| 300 |
_a88 p160ginas : _bilustraciones ; _c21 cm. |
||
| 336 |
_atexto _btxt _2rdacontent |
||
| 337 |
_asin mediación _bn _2rdamedia |
||
| 338 |
_avolumen _bnc _2rdacarrier |
||
| 500 | _aIncluye datos biográficos del autor | ||
| 590 | _aInventariado, 2026/BT | ||
| 700 | 1 |
_aFerrand Estepan, Lourdes Karina, _ecorrector _4corr. _989459 |
|
| 700 | 1 |
_aEve, Margarita, _ecorrector _4corr. _989460 |
|
| 910 | _aBtavárez | ||
| 942 |
_2ddc _cMTLS |
||
| 999 |
_c60659 _d60659 |
||